Ιστορία του μοναχισμού στο Παπίκιο όρος

Αποθηκεύτηκε σε:
Λεπτομέρειες βιβλιογραφικής εγγραφής
Κύριος συγγραφέας: Βαβατσικλής, Μαρίνος
Μορφή: Βιβλίο
Γλώσσα:Greek
Δημοσίευση: Κομοτηνή : Δήμος Κομοτηνής, 2004.
Θέματα:
Ετικέτες: Προσθήκη ετικέτας
Δεν υπάρχουν, Καταχωρήστε ετικέτα πρώτοι!

MARC

LEADER 00000cam a2200000 i 4500
001 1/72502
008 050302s2004 gr | ||| |||| ||gre||
020 |a 9608597730 
035 |l 10076835 
040 |a GR-MY-UA  |b gre  |e aacr 
041 0 |a gre 
082 7 |a 255.0109495   |2 (21) 
100 1 |a Βαβατσικλής, Μαρίνος. 
245 1 0 |a Ιστορία του μοναχισμού στο Παπίκιο όρος /   |c Μαρίνος Βαβατσικλής.  
260 |a Κομοτηνή :   |b Δήμος Κομοτηνής,   |c 2004.  
300 |a 126 σ. :   |b εικ., φωτ. ;   |c 20 εκ. 
504 |a Περιέχει βιβλιογραφικές παραπομπές.  
650 0 0 |a Monastic and religious life  |z Greece  |z Thrace. 
852 |a INST  |b RHODES  |e 20050302  |h 255.0109495 ΒΑΒ  |p 005400017696  |q 005400017696  |t BK  |y 0 
901 |a BIBL4-2005-1 
909 |a Ρ  |b 110536 
970 |a ΤΣΟΥΝΟΥ  |b ΤΣΑΜΠΙΚΑ  |z 2005/03/02